|
|
|
|
| LEADER |
00000nam a2200000 a 4500 |
| 001 |
vtls001477096 |
| 003 |
SK-MaSNL |
| 005 |
20260301183442.0 |
| 008 |
130607s2004 xo 0 und |
| 035 |
|
|
|a SNK000432396
|
| 040 |
|
|
|a SNK
|b slo
|c SNK
|e AACR2
|
| 044 |
|
|
|a xo
|c SK
|
| 245 |
1 |
|
|a STN EN 14175-2 Odsávacie boxy
|n časť 2:
|p požiadavky na bezpečnosť a výkonové parametre
|
| 260 |
|
|
|a Bratislava
|b Slovenský ústav technickej normalizácie
|c 2004
|
| 500 |
|
|
|a táto norma nahrádza anglickú verziu STN 14175-2 z februára 2004 v celom rozsahu
|
| 655 |
|
7 |
|a normy
|2 SNK
|9 70643
|
| 999 |
|
|
|c 857046
|d 858976
|
| 952 |
|
|
|t P60, <03>, [BOOK], {603}
|a SNK
|b SNK
|y PREZ
|7 0
|p 17A0432817
|o snkSTN EN 14175-2
|i snkN 2647/2004
|0 0
|1 0
|4 0
|d 2004-06-21
|l 0
|r 2005-01-02 00:00:00
|w 2026-02-24
|
| 952 |
|
|
|t P66, <07>, [BOOK], {667}
|a SNK
|b SNK
|y PREZ
|7 0
|p 17A0432818
|o snkSTN EN 14175-2 D1
|i snkN 2648/2004
|0 0
|1 0
|4 0
|d 2004-06-21
|l 0
|r 2005-01-02 00:00:00
|w 2026-02-24
|